000 01542nam a2200361 c 4500
003 BLK
005 20240623004052.0
008 180412b bul|||||r ||||||| ||bul||
010 _aKNG00013238000
020 _a954-445-155-2
_bиздат.: Христо Ботев
040 _aBLK
041 _aBUL
_cBUL
080 _aБългарска литература
_b821.163.2
_x(092)
_z821.163.2(092)
080 _aБългарска литература
_b821.163.2
_x.09
_z821.163.2.09
080 _aБиографии
_b929
_x(497.2)
_z929(497.2)
100 _aКаролев, Стоян Несторов
_9363884
139 _aКаролев, Стоян Несторов
_bК 42
245 1 0 _aБлизки и непостижими
_bОчерци
_cСтоян Несторов Каролев.
257 _aBGR
260 София
_bХристо Ботев
_c1996
_fЯмбол : Светлина
300 _a280 с.
_c20 см
380 _a82
500 _aЗа Ив. Вазов, П. Славейков, П. Яворов, Д. Дебелянов, Г. Милев, Д. Талев, Е. Станев, Д. Димов, Н. Вапцаров, В. Петров, Й. Радичков
650 4 _aБългарска литература
_9243597
650 0 _aПисатели, български
_9241944
650 4 _aПоети, български
_9241945
852 _aЦб 188544
856 4 _qpdf
_u
856 4 _qpdf
_u
942 _cKNG
_n0
_03
944 _aCR
_c15.01.2003
_k
_lCRON CRON
944 _aED
_c28.04.2004
_k
999 _c11683
_d11683